[Event "PRO League KO Stage 2017"]
[Site "chess.com INT"]
[Date "2017.03.01"]
[Round "1"]
[White "Erenburg, Sergey"]
[Black "Hess, Robert L"]
[Result "1/2-1/2"]
[WhiteTitle "GM"]
[BlackTitle "GM"]
[WhiteElo "2568"]
[BlackElo "2571"]
[WhiteTeam "Philadelphia Inventors"]
[BlackTeam "Montclair Sopranos"]
[WhiteFideId "2805642"]
[BlackFideId "2022036"]
[EventDate "2017.03.01"]

1. e4 c5 2. Nf3 d6 3. d4 cxd4 4. Nxd4 Nf6 5. Nc3 g6 6. Be3 a6 7. f3 b5 8. Qd2
Bb7 9. a4 e5 10. Nb3 b4 11. Na2 d5 12. Nc5 Bc6 13. Bf2 a5 14. exd5 Qxd5 15. Qxd5
Nxd5 16. Nc1 Bg7 17. N1b3 O-O 18. O-O-O Re8 19. Bc4 Nb6 20. Bd3 Nxa4 21. Ne4 Nd7
22. Nd6 e4 23. Bxe4 Bxb2+ 24. Kb1 Rxe4 25. Nxe4 Bg7 26. Bd4 Ne5 27. Rhe1 Nc4 28.
Bxg7 Kxg7 29. Rd4 Na3+ 30. Kc1 Bxe4 31. Rexe4 Rc8 32. Rd2 Nc3 33. Re7 a4 34. Na5
b3 35. cxb3 Nd5+ 36. Kb2 Nxe7 37. Kxa3 axb3 38. Kxb3 Nf5 39. Nc4 h5 40. Nd6 Nxd6
41. Rxd6 Rc1 42. Rd2 Kf6 43. Rc2 Rxc2 44. Kxc2 Ke5 45. Kd3 Kf4 46. Ke2 h4 47.
Kf2 f5 48. g3+ hxg3+ 49. hxg3+ Ke5 50. Ke3 g5 51. f4+ gxf4+ 52. gxf4+ Kd5 53.
Kd3 Kc5 54. Kc3 Kd5 55. Kd3 Kc5 56. Kc3 Kd5 57. Kd3 1/2-1/2

[Event "PRO League KO Stage 2017"]
[Site "chess.com INT"]
[Date "2017.03.01"]
[Round "1"]
[White "Erenburg, Sergey"]
[Black "Checa, Nicolas D"]
[Result "0-1"]
[WhiteTitle "GM"]
[BlackTitle "IM"]
[WhiteElo "2568"]
[BlackElo "2400"]
[WhiteTeam "Philadelphia Inventors"]
[BlackTeam "Montclair Sopranos"]
[WhiteFideId "2805642"]
[BlackFideId "2069342"]
[EventDate "2017.03.01"]

1. e4 e6 2. d4 d5 3. Nd2 c5 4. Ngf3 cxd4 5. Nxd4 Nf6 6. exd5 a6 7. N2f3 Qxd5 8.
Be2 Qa5+ 9. c3 Bd7 10. O-O Nc6 11. Bf4 Nxd4 12. Qxd4 Rd8 13. Rfd1 Bc5 14. Qc4
Qb6 15. Nd4 Nd5 16. Bg3 O-O 17. Qb3 Bc8 18. Bf3 Ne7 19. Qxb6 Bxb6 20. Nc2 Nf5
21. Bf4 Rxd1+ 22. Rxd1 Rd8 23. Rxd8+ Bxd8 24. Na3 f6 25. Bb8 b5 26. Nc2 Bb6 27.
Kf1 Kf7 28. Be2 Ne7 29. c4 bxc4 30. Bxc4 Nc6 31. Bd6 Na5 32. Bd3 Nb7 33. Ba3 Nc5
34. Bc4 Ne4 35. Ke2 Nxf2 36. Kf3 Bb7+ 37. Ke2 Ng4 38. Bd6 Nh6 39. g3 Nf5 40. Bb8
g5 41. Bd3 h5 42. b4 Ne7 43. a4 Nd5 44. Bd6 Nc3+ 45. Kd2 Nxa4 46. Be2 g4 47. Ne3
Bd4 48. Bc4 Nb6 49. Bb3 Nd5 0-1

[Event "PRO League KO Stage 2017"]
[Site "chess.com INT"]
[Date "2017.03.01"]
[Round "1"]
[White "Checa, Nicolas D"]
[Black "Smith, Bryan G"]
[Result "1-0"]
[WhiteTitle "IM"]
[BlackTitle "GM"]
[WhiteElo "2400"]
[BlackElo "2419"]
[WhiteTeam "Montclair Sopranos"]
[BlackTeam "Philadelphia Inventors"]
[WhiteFideId "2069342"]
[BlackFideId "2017083"]
[EventDate "2017.03.01"]

1. d4 Nf6 2. Nf3 g6 3. c4 Bg7 4. Nc3 d6 5. e4 O-O 6. Be2 e5 7. O-O Nc6 8. Be3
Ng4 9. Bg5 f6 10. Bc1 f5 11. Bg5 Qe8 12. d5 Ne7 13. Nd2 Nh6 14. f3 Nf7 15. Bh4
c5 16. Rb1 Bd7 17. b4 b6 18. Kh1 g5 19. Bf2 f4 20. Bd3 Ng6 21. Bc2 h5 22. Ba4 g4
23. Bxd7 Qxd7 24. Qa4 Qe7 25. bxc5 bxc5 26. Qc6 Rac8 27. Qa6 Rc7 28. Rfc1 Bf6
29. Rc2 g3 30. Be1 gxh2 31. Nf1 Bh4 32. Rcb2 Bxe1 33. Rxe1 Nh4 34. Qa5 Rd7 35.
Qa4 Rc7 36. Reb1 Qg5 37. Nxh2 Rb7 38. Qc2 Rxb2 39. Qxb2 Kh8 40. Qf2 Rg8 41. Rb2
Qd8 42. Qe1 Rg3 43. Nb1 Qg5 44. Qf1 Qg6 45. Na3 a6 46. Rf2 Ng5 47. Nc2 Qf6 48.
Ne1 Qg6 49. Rb2 Qf6 50. Rb8+ Kh7 51. a4 Qe7 52. a5 Qc7 53. Rb6 Nf7 54. Qf2 Kh6
55. Nf1 1-0

[Event "PRO League KO Stage 2017"]
[Site "chess.com INT"]
[Date "2017.03.01"]
[Round "1"]
[White "Checa, Nicolas D"]
[Black "Postny, Evgeny"]
[Result "0-1"]
[WhiteTitle "IM"]
[BlackTitle "GM"]
[WhiteElo "2400"]
[BlackElo "2606"]
[WhiteTeam "Montclair Sopranos"]
[BlackTeam "Philadelphia Inventors"]
[WhiteFideId "2069342"]
[BlackFideId "2804344"]
[EventDate "2017.03.01"]

1. d4 Nf6 2. c4 e6 3. Nf3 b6 4. g3 Ba6 5. Nbd2 Bb4 6. Qa4 c5 7. a3 Bxd2+ 8. Bxd2
cxd4 9. Bg2 Bb7 10. O-O Bc6 11. Qd1 Qc7 12. Rc1 e5 13. e3 dxe3 14. Bb4 exf2+ 15.
Rxf2 Ne4 16. Re2 Na6 17. Nd4 Nxb4 18. axb4 exd4 19. Bxe4 O-O 20. Qxd4 Rae8 21.
Rce1 Re6 22. Bf5 Rxe2 23. Rxe2 g6 24. Bd3 Qd8 25. b5 Bb7 26. Qd6 Re8 27. Rxe8+
Qxe8 28. Kf2 Be4 29. Ke3 Bxd3+ 30. Kxd3 Kg7 31. b4 Qe1 32. Kd4 Qd2+ 33. Ke5 Qe3+
34. Kd5 Qd3+ 35. Ke5 Qxc4 36. Qf6+ Kh6 37. Qd8 Qxb5+ 38. Kd6 Qxb4+ 39. Kc7 Kg7 0-1

[Event "PRO League KO Stage 2017"]
[Site "chess.com INT"]
[Date "2017.03.01"]
[Round "1"]
[White "Bartell, Thomas"]
[Black "Hess, Robert L"]
[Result "1/2-1/2"]
[WhiteTitle "IM"]
[BlackTitle "GM"]
[WhiteElo "2345"]
[BlackElo "2571"]
[WhiteTeam "Philadelphia Inventors"]
[BlackTeam "Montclair Sopranos"]
[WhiteFideId "2017849"]
[BlackFideId "2022036"]
[EventDate "2017.03.01"]

1. Nf3 Nf6 2. g3 d5 3. Bg2 c6 4. b3 Bf5 5. d3 h6 6. Bb2 Nbd7 7. O-O Qc7 8. Nbd2
Bh7 9. c4 e6 10. a3 Be7 11. b4 O-O 12. Re1 Rfe8 13. Qb3 a5 14. Bc3 e5 15. e4 d4
16. Bb2 Ra7 17. c5 b6 18. cxb6 Qxb6 19. Nc4 Qb8 20. Reb1 axb4 21. axb4 Rb7 22.
Ba3 Nc5 23. Qc2 Nxd3 24. Qxd3 Bxe4 25. Qd1 Bxb1 26. Rxb1 Bxb4 27. Rxb4 Rxb4 28.
Bxb4 Qxb4 29. Ncxe5 Qc5 30. Nd3 Qc3 31. Bf1 c5 32. Nde5 Ra8 33. Kg2 Ra1 34. Qe2
g5 35. h3 Kg7 36. Qb5 Ra7 37. Qb8 Qa3 38. Bc4 Re7 39. Qd6 Qa7 40. Nd3 Qc7 41.
Qa6 Ne4 42. Qa8 Nd6 43. Qd5 Nxc4 44. Qxc4 Qc6 45. Qxc5 Qxc5 46. Nxc5 Rc7 47. Nd3
Rd7 48. Nfe5 Ra7 49. Kf3 f6 50. Nc4 Ra2 51. Ke4 h5 52. g4 h4 53. Kxd4 Ra1 54. f3
Rh1 55. Nf2 Re1 56. Kd3 Kg6 57. Nd6 Rf1 58. Ke2 Ra1 59. Nf5 Ra2+ 60. Ke3 Ra3+
61. Nd3 Ra1 62. f4 Ra3 63. Ke4 Ra4+ 64. Nd4 Ra3 65. fxg5 fxg5 66. Ne5+ Kg7 67.
Ndf3 Kf6 68. Nd7+ Kg6 69. Nde5+ Kf6 70. Nc4 Ra4 71. Kd5 Ra1 72. Ncd2 Rd1 73. Ke4
Rh1 74. Ke3 Rxh3 75. Ne4+ Kg6 76. Nxg5 Rg3 77. Kf4 Rxg4+ 78. Kxg4 h3 79. Nxh3
Kf6 80. Ne5 Ke6 81. Nf4+ Kxe5 1/2-1/2

[Event "PRO League KO Stage 2017"]
[Site "chess.com INT"]
[Date "2017.03.01"]
[Round "1"]
[White "Bartell, Thomas"]
[Black "Checa, Nicolas D"]
[Result "0-1"]
[WhiteTitle "IM"]
[BlackTitle "IM"]
[WhiteElo "2345"]
[BlackElo "2400"]
[WhiteTeam "Philadelphia Inventors"]
[BlackTeam "Montclair Sopranos"]
[WhiteFideId "2017849"]
[BlackFideId "2069342"]
[EventDate "2017.03.01"]

1. d4 d5 2. c4 c6 3. cxd5 cxd5 4. Bf4 Nc6 5. e3 Nf6 6. Nc3 a6 7. Bd3 g6 8. h3
Bg7 9. Nf3 O-O 10. Rc1 Re8 11. O-O Bf5 12. Bxf5 gxf5 13. Ne5 Rc8 14. Qd3 e6 15.
Na4 Nxe5 16. Bxe5 Ne4 17. Bh2 Qa5 18. b3 Qb5 19. Qxb5 axb5 20. Nb6 Rc3 21. Rfd1
Bf8 22. f3 Ba3 23. Rxc3 Nxc3 24. Rd2 Bc1 25. Rd3 Nxa2 26. Bd6 Rd8 27. Be7 Re8
28. Bd6 f6 29. Kf2 Kf7 30. b4 Rd8 31. Bc5 f4 32. exf4 Bxf4 33. Ra3 Nc1 34. g3
Bd2 35. Ra7 Bxb4 36. Rxb7+ Kg6 37. Bxb4 Nd3+ 38. Ke3 Nxb4 39. Nd7 Nc6 40. Nc5
Ra8 41. Nxe6 Re8 42. Rg7+ Kh6 43. Kf4 Rxe6 44. Rb7 Nxd4 45. Rd7 Kg6 46. Rxd5
Ne2+ 47. Kg4 Re5 48. Rd6 Rg5+ 49. Kh4 0-1

[Event "PRO League KO Stage 2017"]
[Site "chess.com INT"]
[Date "2017.03.01"]
[Round "1"]
[White "Roberson, Peter T"]
[Black "Spoelman, Wouter"]
[Result "0-1"]
[WhiteTitle "IM"]
[BlackTitle "GM"]
[WhiteElo "2397"]
[BlackElo "2588"]
[WhiteTeam "London Towers"]
[BlackTeam "Amsterdam Mosquitos"]
[WhiteFideId "412384"]
[BlackFideId "1010891"]
[EventDate "2017.03.01"]

1. e4 c5 2. Nc3 Nc6 3. Bb5 Nd4 4. Bc4 g6 5. Nf3 Bg7 6. Nxd4 cxd4 7. Qf3 Nh6 8.
Ne2 O-O 9. Bb3 Kh8 10. d3 f5 11. O-O fxe4 12. Qxe4 Nf5 13. Ng3 d6 14. Bg5 Qb6
15. Rae1 e5 16. Nxf5 Bxf5 17. Qh4 a5 18. a4 Bxd3 19. cxd3 Qxb3 20. Be7 Rf4 21.
Qh3 Bf8 22. Bg5 Rf5 23. f4 Bg7 24. Rc1 Raf8 25. Rc7 exf4 26. Bh6 R5f7 27. Bxg7+
Kxg7 28. Rc4 Qxb2 29. Qe6 f3 30. gxf3 Rxf3 31. Rc7+ Kh6 32. Rxf3 Rxf3 33. Qe1
Rf5 34. Qh4+ Rh5 35. Rxh7+ Kxh7 36. Qe7+ Kh6 37. Qf8+ Kg5 38. Qe7+ Kf5 39. Qf7+
Ke5 40. Qe7+ Kd5 41. Qf7+ Kc5 42. Qc7+ Kb4 43. Qb6+ Kc3 44. Qc7+ Kd2 45. h4 Qc1+
46. Kg2 Qxc7 0-1

[Event "PRO League KO Stage 2017"]
[Site "chess.com INT"]
[Date "2017.03.01"]
[Round "1"]
[White "Roberson, Peter T"]
[Black "Bitalzadeh, Ali"]
[Result "0-1"]
[WhiteTitle "IM"]
[BlackTitle "IM"]
[WhiteElo "2397"]
[BlackElo "2383"]
[WhiteTeam "London Towers"]
[BlackTeam "Amsterdam Mosquitos"]
[WhiteFideId "412384"]
[BlackFideId "1010972"]
[EventDate "2017.03.01"]

1. e4 c5 2. c3 Nf6 3. e5 Nd5 4. Nf3 Nc6 5. Bc4 Nb6 6. Bb3 c4 7. Bc2 d6 8. exd6
e5 9. O-O Be6 10. a4 a6 11. a5 Nd7 12. d4 cxd3 13. Qxd3 Nc5 14. Qe2 Bxd6 15. Rd1
Qc7 16. b4 Nb3 17. Bxb3 Bxb3 18. Re1 O-O 19. Nbd2 Be6 20. Ne4 f6 21. Be3 Be7 22.
Bb6 Qc8 23. Rad1 Bg4 24. h3 Bh5 25. Nd6 Bxd6 26. Rxd6 Re8 27. Qe3 Ne7 28. Qd3
Bg6 29. Qd2 Nf5 30. Rd5 Qe6 31. Rd7 Rac8 32. Rxb7 Nd6 33. Ra7 Nb5 34. Rxa6 Qc6
35. c4 Qxc4 36. Bc5 Nd4 37. Ra7 Nxf3+ 38. gxf3 Bf5 39. Kh2 Qh4 40. Qd5+ Be6 41.
Qb7 Qxh3+ 42. Kg1 Qh6 43. Re4 Rcd8 44. Rh4 Rd1+ 45. Kg2 Qg6+ 46. Rg4 Bxg4 47.
fxg4 Qxg4+ 48. Kh2 Qh4+ 49. Kg2 Qh1+ 50. Kg3 Rg1+ 51. Qg2 Qxg2+ 52. Kh4 Qg4# 0-1

[Event "PRO League KO Stage 2017"]
[Site "chess.com INT"]
[Date "2017.03.01"]
[Round "1"]
[White "Hammer, Jon Ludvig"]
[Black "Kunte, Abhijit"]
[Result "0-1"]
[WhiteTitle "GM"]
[BlackTitle "GM"]
[WhiteElo "2630"]
[BlackElo "2491"]
[WhiteTeam "Norway Gnomes"]
[BlackTeam "Mumbai Movers"]
[WhiteFideId "1503707"]
[BlackFideId "5002265"]
[EventDate "2017.03.01"]

1. d4 Nf6 2. c4 e6 3. Nf3 Bb4+ 4. Nbd2 O-O 5. a3 Be7 6. e4 d6 7. Be2 a5 8. b3
Nfd7 9. Bb2 Nc6 10. O-O Bf6 11. Qc2 e5 12. d5 Ne7 13. b4 Ng6 14. g3 Be7 15. Ne1
axb4 16. axb4 Rxa1 17. Bxa1 c5 18. dxc6 bxc6 19. Nd3 Qb6 20. Rb1 Qa7 21. b5 Bd8
22. c5 cxb5 23. cxd6 Bb6 24. Bc3 Nc5 25. Ra1 Qd7 26. Bb4 Ne6 27. Nf3 Nd4 28.
Nxd4 Bxd4 29. Rc1 Re8 30. Qc6 Nf8 31. Qxd7 Bxd7 32. Nc5 Rc8 33. Nb3 Rxc1+ 34.
Nxc1 Ne6 35. Nb3 Bb6 36. Bg4 f6 37. Kf1 Kf7 38. f4 Ke8 39. f5 Nd4 40. Bh5+ Kd8
41. Nxd4 Bxd4 42. Ba5+ Kc8 43. Bf7 Bc5 44. Bc7 Bc6 45. Be6+ Kb7 46. Bd5 Bxd5 47.
exd5 Kc8 48. Ke2 Kd7 49. Kd3 Bxd6 50. Ba5 Bc5 51. Ke4 Kd6 52. g4 b4 53. h3 b3
54. Bc3 Ba3 0-1

[Event "PRO League KO Stage 2017"]
[Site "chess.com INT"]
[Date "2017.03.01"]
[Round "1"]
[White "Hammer, Jon Ludvig"]
[Black "Kulkarni, Rakesh"]
[Result "1-0"]
[WhiteTitle "GM"]
[WhiteElo "2630"]
[BlackElo "2325"]
[WhiteTeam "Norway Gnomes"]
[BlackTeam "Mumbai Movers"]
[WhiteFideId "1503707"]
[BlackFideId "5037077"]
[EventDate "2017.03.01"]

1. d4 Nf6 2. c4 e5 3. dxe5 Ng4 4. Bf4 g5 5. Bg3 Nc6 6. Nf3 Bg7 7. h4 Ngxe5 8.
Nc3 g4 9. Nxe5 Nxe5 10. h5 Nxc4 11. h6 Be5 12. Qd5 c6 13. Qxc4 d5 14. Qd3 Bxg3
15. fxg3 O-O 16. Qd4 f6 17. e4 dxe4 18. Qxd8 Rxd8 19. Bc4+ Kf8 20. Rf1 Ke7 21.
Nxe4 f5 22. Nc3 Kf6 23. Rd1 Re8+ 24. Kf2 b5 25. Bb3 a5 26. Rd6+ Kg5 27. Ne2 c5
28. Bf7 Re7 29. Rh1 Rxf7 30. Nf4 a4 31. Rh5# 1-0

[Event "PRO League KO Stage 2017"]
[Site "chess.com INT"]
[Date "2017.03.01"]
[Round "1"]
[White "Quesada Perez, Yuniesky"]
[Black "Cheng, Bindi"]
[Result "1-0"]
[WhiteTitle "GM"]
[BlackTitle "IM"]
[WhiteElo "2630"]
[BlackElo "2395"]
[WhiteTeam "Miami Champions"]
[BlackTeam "Toronto Dragons"]
[WhiteFideId "3504409"]
[BlackFideId "2682249"]
[EventDate "2017.03.01"]

1. e4 c5 2. Nf3 d6 3. d4 cxd4 4. Nxd4 Nf6 5. Nc3 a6 6. Be3 e6 7. Be2 Be7 8. f4
Nc6 9. g4 h6 10. Qd2 Nxd4 11. Qxd4 e5 12. fxe5 dxe5 13. Qxe5 O-O 14. Rd1 Nd7 15.
Qh5 Bb4 16. g5 hxg5 17. Bxg5 Qb6 18. Rd3 Nc5 19. Re3 Na4 20. Rg1 Nxb2 21. Kf1 f5
22. e5 f4 23. Rf3 Rf7 24. Nd5 Qd4 25. Nf6+ Rxf6 26. Bxf6 Bf8 27. Bxg7 1-0

[Event "PRO League KO Stage 2017"]
[Site "chess.com INT"]
[Date "2017.03.01"]
[Round "1"]
[White "Quesada Perez, Yuniesky"]
[Black "Sambuev, Bator"]
[Result "1-0"]
[WhiteTitle "GM"]
[BlackTitle "GM"]
[WhiteElo "2630"]
[BlackElo "2541"]
[WhiteTeam "Miami Champions"]
[BlackTeam "Toronto Dragons"]
[WhiteFideId "3504409"]
[BlackFideId "4128290"]
[EventDate "2017.03.01"]

1. e4 e6 2. d4 d5 3. Nc3 Bb4 4. e5 c5 5. a3 Ba5 6. b4 cxd4 7. Nb5 Bc7 8. f4 Ne7
9. Nf3 Bd7 10. Nbxd4 Nbc6 11. Bd3 a5 12. b5 Nxd4 13. Nxd4 a4 14. O-O Ba5 15. Be3
O-O 16. Qh5 g6 17. Qh6 Nf5 18. Bxf5 exf5 19. Nf3 f6 20. exf6 Qxf6 21. Rad1 Bxb5
22. Ng5 Qg7 23. Qxg7+ Kxg7 24. Ne6+ Kf7 25. Nxf8 Bxf1 26. Kxf1 Kxf8 27. Rxd5 Bd8
28. Bc5+ Ke8 29. Ke2 Bc7 30. Rd4 Rd8 31. Rxa4 Rd5 32. Be3 Kd7 33. c4 Rd6 34. Rb4
Kc6 35. Rb5 Re6 36. g3 Re8 37. Rb3 Ra8 38. c5 Rd8 39. a4 Ra8 40. Rb4 Rd8 41. Rc4
Ba5 42. h3 h5 43. Rc2 Re8 44. Kd3 Rd8+ 45. Bd4 Re8 46. Be3 Bb4 47. Rb2 Re4 48.
Bd4 Ba5 49. Rb5 Bc7 50. h4 Re1 51. Rb3 Rd1+ 52. Kc4 Rc1+ 53. Rc3 Rxc3+ 54. Bxc3
Bd8 55. Bd2 Be7 56. Be3 Bd8 57. Bd2 1-0

[Event "PRO League KO Stage 2017"]
[Site "chess.com INT"]
[Date "2017.03.01"]
[Round "1"]
[White "Cornette, Matthieu"]
[Black "Tan, Justin2"]
[Result "1-0"]
[WhiteTitle "GM"]
[BlackTitle "IM"]
[WhiteElo "2585"]
[BlackElo "2453"]
[WhiteTeam "Cannes Blockbusters"]
[BlackTeam "London Lions"]
[WhiteFideId "620084"]
[BlackFideId "3206882"]
[EventDate "2017.03.01"]

1. e4 e5 2. Nf3 Nc6 3. Bc4 Bc5 4. O-O Nf6 5. d3 d6 6. c3 a6 7. a4 Ba7 8. Na3 h6
9. Nc2 O-O 10. Be3 Bxe3 11. Nxe3 Ne7 12. Qc2 c6 13. d4 Qc7 14. dxe5 dxe5 15. a5
Bd7 16. Rfe1 Rae8 17. b4 Nc8 18. Nh4 Nd6 19. Bb3 Be6 20. Nef5 Bxb3 21. Qxb3 Nxf5
22. Nxf5 g6 23. Ne3 Kg7 24. Nc4 Rd8 25. f3 Nh5 26. Rad1 Nf4 27. Kf1 h5 28. Rxd8
Rxd8 29. Rd1 Kf6 30. g3 Ne6 31. Ke2 h4 32. Rxd8 Qxd8 33. Qd1 hxg3 34. hxg3 Qh8
35. Qg1 Qh5 36. Nd6 Ng5 37. Qg2 Ke7 38. Nxb7 f5 39. g4 fxg4 40. fxg4 Qh4 41. Nc5
Nh3 42. Nd3 g5 43. Kf3 Nf4 44. Nxf4 exf4 45. e5 Ke6 46. Ke4 Qe1+ 47. Kd4 Qxe5+
48. Kc4 Qb5+ 49. Kb3 Qd5+ 50. Qxd5+ Kxd5 51. Kc2 Ke4 52. Kd2 Kf3 53. c4 Kg2 54.
b5 f3 55. bxc6 f2 56. c7 f1=Q 57. c8=Q Qf2+ 58. Kc3 Qe1+ 59. Kd4 Qxa5 60. Qf5
Qd2+ 61. Kc5 a5 62. Qd5+ Qxd5+ 63. cxd5 a4 64. Kb4 Kf3 65. d6 Kxg4 66. d7 1-0

[Event "PRO League KO Stage 2017"]
[Site "chess.com INT"]
[Date "2017.03.01"]
[Round "1"]
[White "Cornette, Matthieu"]
[Black "Edouard, Romain"]
[Result "0-1"]
[WhiteTitle "GM"]
[BlackTitle "GM"]
[WhiteElo "2585"]
[BlackElo "2626"]
[WhiteTeam "Cannes Blockbusters"]
[BlackTeam "London Lions"]
[WhiteFideId "620084"]
[BlackFideId "633429"]
[EventDate "2017.03.01"]

1. c4 e5 2. Nc3 g6 3. Nf3 Bg7 4. d4 exd4 5. Nxd4 Nc6 6. Nxc6 bxc6 7. g3 Ne7 8.
Bg2 O-O 9. O-O d6 10. Qc2 Rb8 11. b3 Bf5 12. Qd2 d5 13. cxd5 Nxd5 14. Nxd5 Bxa1
15. Ba3 Bg7 16. Ne7+ Kh8 17. Qxd8 Rbxd8 18. Nxf5 gxf5 19. Bxf8 Bxf8 20. Bxc6 Rd2
21. e3 Rxa2 22. Rd1 Bd6 23. Rd5 Rc2 24. Be8 Kg7 25. Rxf5 f6 26. Bb5 a5 27. Rh5
Rc3 28. Ba4 Be5 29. Kg2 Kg6 30. Rh4 Bd6 31. Kf3 f5 32. Rd4 Bb4 33. Rc4 Rd3 34.
Rxc7 Rd2 35. Be8+ Kf6 36. Rf7+ Ke6 37. g4 fxg4+ 38. Kxg4 Rd8 39. Rxh7 Rxe8 40.
f4 Rc8 41. e4 Rc2 42. Rh6+ Kf7 43. Kf5 Rf2 44. Rh7+ Kg8 45. Rh4 Bd2 46. e5 Rf3
47. Rg4+ Kf8 48. Ke4 Rxb3 49. e6 Rb4+ 50. Ke5 Bxf4+ 51. Kf5 a4 52. Rg2 a3 53.
Kf6 Bd6 54. Rd2 Be7+ 55. Kg6 Rb6 56. Re2 Ra6 57. Kh7 a2 58. Rg2 Bf6 0-1

[Event "PRO League KO Stage 2017"]
[Site "chess.com INT"]
[Date "2017.03.01"]
[Round "1"]
[White "Kaasen, Tor Fredrik"]
[Black "Vidit, Santosh Gujrathi"]
[Result "0-1"]
[WhiteTitle "FM"]
[BlackTitle "GM"]
[WhiteElo "2442"]
[BlackElo "2673"]
[WhiteTeam "Norway Gnomes"]
[BlackTeam "Mumbai Movers"]
[WhiteFideId "1516647"]
[BlackFideId "5029465"]
[EventDate "2017.03.01"]

1. d4 Nf6 2. c4 e6 3. Nf3 d5 4. g3 Bb4+ 5. Bd2 Be7 6. Qc2 c6 7. Bg2 Nbd7 8. O-O
b6 9. Bf4 Bb7 10. Nbd2 Nh5 11. Be3 Nhf6 12. h3 O-O 13. Bg5 c5 14. cxd5 Nxd5 15.
Bxe7 Qxe7 16. e4 Nb4 17. Qc3 cxd4 18. Nxd4 Ne5 19. a3 Nbd3 20. N2f3 Rac8 21. Qd2
Rfd8 22. Nxe5 Nxe5 23. Rfd1 Ba6 24. Rac1 Rxc1 25. Qxc1 Qd7 26. Qc3 Nc6 27. Nxc6
Qxd1+ 28. Kh2 Re8 29. Nxa7 Qd7 30. Qc6 Qxc6 31. Nxc6 Bb7 32. Ne5 Rc8 33. Nd7 Rc2
34. b4 Rxf2 35. Kg1 Ra2 36. Nxb6 Rxa3 37. Bf1 Rxg3+ 38. Kf2 Rb3 39. b5 Bxe4 40.
Nd7 Bd3 0-1

[Event "PRO League KO Stage 2017"]
[Site "chess.com INT"]
[Date "2017.03.01"]
[Round "1"]
[White "Kaasen, Tor Fredrik"]
[Black "Ghosh, Diptayan"]
[Result "0-1"]
[WhiteTitle "FM"]
[BlackTitle "GM"]
[WhiteElo "2442"]
[BlackElo "2581"]
[WhiteTeam "Norway Gnomes"]
[BlackTeam "Mumbai Movers"]
[WhiteFideId "1516647"]
[BlackFideId "5045207"]
[EventDate "2017.03.01"]

1. e4 e5 2. Nf3 Nc6 3. Bc4 Nf6 4. d3 Be7 5. O-O O-O 6. Re1 d6 7. a4 Na5 8. Ba2
c5 9. c3 Nc6 10. Na3 h6 11. Nc2 Re8 12. d4 Bf8 13. Qd3 Bg4 14. d5 Ne7 15. b4 b6
16. Bc4 Ng6 17. Bb5 Bd7 18. a5 Qc7 19. Bxd7 Qxd7 20. Bd2 Nh5 21. g3 Qg4 22. Kh1
f5 23. Ng1 Nf6 24. exf5 e4 25. Qe2 Qxf5 26. Ne3 Qd7 27. axb6 axb6 28. Ra6 Qb7
29. Rea1 Ne5 30. Qb5 Nxd5 31. Nxd5 Qxd5 32. Be3 Rxa6 33. Rxa6 Rb8 34. Rxb6 Rxb6
35. Qxb6 Nf3 36. Nh3 Qd1+ 37. Kg2 Ne1+ 38. Kf1 Nc2+ 39. Kg2 Qf3+ 40. Kg1 Nxe3
41. fxe3 Qxe3+ 42. Nf2 Qe1+ 43. Kg2 e3 44. Ng4 Qe2+ 45. Kh3 Qf1+ 46. Kh4 Be7+ 0-1

[Event "PRO League KO Stage 2017"]
[Site "chess.com INT"]
[Date "2017.03.01"]
[Round "1"]
[White "Rendle, Thomas E"]
[Black "Van Wely, Loek"]
[Result "0-1"]
[WhiteTitle "IM"]
[BlackTitle "GM"]
[WhiteElo "2360"]
[BlackElo "2668"]
[WhiteTeam "London Towers"]
[BlackTeam "Amsterdam Mosquitos"]
[WhiteFideId "408760"]
[BlackFideId "1000268"]
[EventDate "2017.03.01"]

1. e4 c5 2. Nf3 e6 3. g3 Nc6 4. Bg2 Nf6 5. Qe2 d5 6. exd5 Nxd5 7. O-O Be7 8. Rd1
Nd4 9. Nxd4 cxd4 10. d3 O-O 11. Nd2 Bd7 12. Nc4 Rc8 13. a4 Re8 14. Bd2 Qc7 15.
Re1 Bb4 16. Bxb4 Nxb4 17. b3 Bc6 18. Qd2 a5 19. Bxc6 Nxc6 20. Qg5 Red8 21. Re2
Rd5 22. Qg4 h5 23. Qe4 g6 24. Rae1 Kg7 25. Kg2 Rh8 26. h4 Rc5 27. Qf3 Rd8 28.
Re4 Rdd5 29. Qf4 Qd8 30. R4e2 Nb4 31. Qd2 Rf5 32. Re4 Nc6 33. Rf4 Rfd5 34. Rfe4
Ne7 35. Qf4 Nf5 36. R4e2 Qe8 37. Nb6 Rd8 38. Nc4 Qc6+ 39. Qe4 Qc7 40. Qf3 Rdd5
41. Re4 Ne7 42. R4e2 Nc6 43. Qe4 Nb4 44. Qf3 Qd8 45. Re4 Nxc2 46. R1e2 Nb4 47.
Rf4 Rf5 48. Ree4 Qd5 49. Rxd4 Rxf4 50. Rxf4 Qxf3+ 51. Rxf3 Rd5 52. Kf1 Nc6 53.
Rf4 Nb4 54. d4 Nc6 55. Re4 Kf6 56. f3 Nxd4 57. Nxa5 Nxf3 58. Rf4+ Rf5 59. Rxf5+
gxf5 60. Ke2 Nd4+ 61. Kd3 e5 62. b4 b5 63. axb5 Nxb5 64. Kc4 Na3+ 65. Kc5 e4 66.
Nc6 f4 67. gxf4 Kf5 68. Kd4 Kxf4 69. Kc3 Kf3 70. Nd4+ Kf2 71. b5 Nxb5+ 72. Nxb5
e3 73. Nd4 e2 74. Nxe2 Kxe2 75. Kd4 Kf3 76. Ke5 Kg4 0-1

[Event "PRO League KO Stage 2017"]
[Site "chess.com INT"]
[Date "2017.03.01"]
[Round "1"]
[White "Jones, Gawain C B"]
[Black "Spoelman, Wouter"]
[Result "1-0"]
[WhiteTitle "GM"]
[BlackTitle "GM"]
[WhiteElo "2676"]
[BlackElo "2588"]
[WhiteTeam "London Towers"]
[BlackTeam "Amsterdam Mosquitos"]
[WhiteFideId "409561"]
[BlackFideId "1010891"]
[EventDate "2017.03.01"]

1. e4 c5 2. Nf3 e6 3. d3 Nc6 4. g3 g6 5. Bg5 Qb6 6. Nbd2 Bg7 7. Nc4 Qc7 8. a4 d5
9. exd5 exd5 10. Qe2+ Be6 11. Bf4 Qd7 12. Nfe5 Nxe5 13. Bxe5 f6 14. Nd6+ Kf8 15.
Bf4 Bh6 16. Bxh6+ Nxh6 17. Qe3 Kg7 18. Qxc5 a6 19. c4 dxc4 20. Bg2 Rad8 21. Nxb7
Rc8 22. Qd6 cxd3 23. O-O Rhd8 24. Qxa6 Bc4 25. Qb6 Rb8 26. a5 d2 27. Rfd1 Be2
28. a6 Bxd1 29. Rxd1 Re8 30. Qa5 Rbc8 31. Qxd2 Qxd2 32. Rxd2 Rc1+ 33. Bf1 Ree1
34. Rd7+ Nf7 35. Kg2 Rxf1 36. Nd6 Rfd1 37. a7 Ra1 38. Ne8+ Kf8 39. Rxd1 Rxa7 40.
Nxf6 Ne5 41. Rd5 Nf7 42. Nxh7+ Kg7 43. Ng5 Nxg5 44. Rxg5 Rb7 45. h4 Kf6 46. Ra5
Rxb2 47. g4 Rb3 48. f3 Rc3 49. Kg3 Rb3 50. h5 gxh5 51. Rxh5 Kg6 52. Rd5 Kf6 53.
Rf5+ Kg6 54. Rd5 Kf6 55. g5+ Ke6 56. Ra5 Rb1 57. Kg4 Kf7 58. Kf5 Kg7 59. f4 Rb6
60. Ra7+ Kf8 61. g6 Kg8 62. Kg5 Rb1 63. f5 Rb2 64. Ra8+ 1-0